បរិស្ថាន (Record no. 9834)

000 -LEADER
fixed length control field 00306nam a22001217a 4500
040 ## - CATALOGING SOURCE
Transcribing agency SK
082 ## - DEWEY DECIMAL CLASSIFICATION NUMBER
Classification number 344
100 ## - MAIN ENTRY--AUTHOR NAME
Personal name បរិស្ថាន
245 ## - TITLE STATEMENT
Title បរិស្ថាន
260 ## - PUBLICATION, DISTRIBUTION, ETC. (IMPRINT)
Place of publication ក្រសួងបរិស្ថាន
Name of publisher បរិស្ថាន
Year of publication 2000
300 ## - PHYSICAL DESCRIPTION
Number of Pages 453p.
942 ## - ADDED ENTRY ELEMENTS (KOHA)
Koha item type សៀវភៅភាសាខ្មែរ
952 ## - LOCATION AND ITEM INFORMATION (KOHA)
Withdrawn status [LOCAL, KOHA] 0
952 ## - LOCATION AND ITEM INFORMATION (KOHA)
Withdrawn status [LOCAL, KOHA] 0
Holdings
Permanent Location Date acquired Koha item type Lost status Shelving location Barcode Current Location Full call number
Library Block C2016-09-14សៀវភៅភាសាខ្មែរ C193RUA059868Library Block C344 បរិស្ថាន 2000 C193
Library Block C2016-10-07សៀវភៅភាសាខ្មែរ C191RUA061341Library Block C344 បរិស្ថាន 2000 C191
មជ្ឈមណ្ឌលឯការនៃសាកលវិទ្យាល័យភូមិន្ទកសិកម្មចំការដូង

Powered by Koha